00251nam a2200097Ia 4500008004100000100002400041245003400065260002800099300000800127650001800135191201s1996 xx 000 0 und d aBISHNOI, Kishna Ram 0aGuru Jambheswar : Vivid Aayam aN. DelhibB.R.Pubc1996 a178 aGeneral Books